000 03253nab a2200313 i 4500
003 BR-BrBNA
005 20250630184006.0
008 250630b2020 bl.tr|pooa||| 00| 0 por |
040 _aBR-BrBNA
_bpor
072 _aF01
_b1116
072 _aF30
100 _aCiotta, Marlise Nara
100 _aSantos, Karine Louise dos
100 _aPasa, Mateus da Silveira
245 _aCrescimento e atributos fenológicos dos cultivares de goiabeira-serrana em São Joaquim, SC
500 _a Publicação online; 10 ref.; 1 table; 1 illus.; Summaries (En, Pt)
520 _a Resumo − A goiabeira-serrana é uma espécie de ocorrência espontânea na Região Sul do Brasil, Uruguai e Argentina pertencente à família Myrtaceae. Apesar de sua adaptação e potencial produtivo, ainda é pouco cultivada comercialmente, diferente do que ocorre em outros países onde a espécie foi introduzida e já vem sendo amplamente cultivada. Com vistas a propiciar o cultivo no Brasil, quatro cultivares comerciais foram lançados pela Epagri em parceria com a Universidade Federal de Santa Catarina. O objetivo deste estudo foi avaliar o desenvolvimento vegetativo, fenológico e produtivo dos cultivares ao longo de três safras. Observou-se que não existe diferença de desenvolvimento vegetativo entre eles, em termos de diâmetro de tronco e altura de planta. Quanto ao grau de produção, pelo menos em duas safras avaliadas, os cultivares Alcântara e Helena foram superiores aos demais e não diferiram entre si. Termos para indexação: goiabeira-serrana; desenvolvimento vegetativo; grau de produção
520 _a Abstract − The pineapple-guava plant belongs to Myrtaceae family and it is a species of spontaneous occurrence in South of Brazil, Uruguay and Argentina. Despite its adaptability and productive potential, the pineapple-guava is still not being planted in large scale, as it happens in others countries were the species was introduced and has been widely cultivated. Four commercial cultivars were created by Epagri and the Universidade Federal de Santa Catarina aiming to promote the pineapple-guava farming in Brazil. The objective of this study is to evaluate the vegetative, phenological and productive development of the cultivars during three seasons. No difference in the vegetative development were observed among the cultivars, related to the trunk diameter and plant height. The production analysis indicated that, at least in two of the harvests evaluated, the cultivars Alcantara and Helena were superior that cvs. Nonante and Mattos. Index terms: pineapple-guava; production degree; vegetative development
650 _aGOIABA-SERRANA
650 _aCRESCIMENTO
650 _aPRÁTICA CULTURAL
650 _aCOMPORTAMENTO DE VARIEDADE
650 _aFENOLOGIA
650 _aPRODUTIVIDADE
773 0 _01813
_9317200
_dFlorianópolis-SC Empresa de Pesquisa Agropecuária e Extensão Rural de Santa Catarina 1988-
_o2024-3824
_tAgropecuária Catarinense (Brazil)
_x0103-0779
_gv. 33(1) p. 28-31; (2020)
_wBR2025004012
856 _uhttps://publicacoes.epagri.sc.gov.br/rac/article/view/470/703
942 _cANA
999 _c332333
_d332333